Luchemos por nuestra América ideas y doctrinas políticas contemporanea (Record no. 9822)

MARC details
000 -LEADER
campo de control de longitud fija 00423nam a2200145Ia 4500
001 - NÚMERO DE CONTROL
campo de control 2506
008 - DATOS DE LONGITUD FIJA--INFORMACIÓN GENERAL
campo de control de longitud fija 241024s9999 xx 000 0 und d
020 ## - NÚMERO INTERNACIONAL ESTÁNDAR DEL LIBRO
Número Internacional Estándar del Libro 978-9945-020-77-9
082 ## - NÚMERO DE LA CLASIFICACIÓN DECIMAL DEWEY
Número de clasificación RD/320.5/J61l
100 ## - ENTRADA PRINCIPAL--NOMBRE DE PERSONA
Nombre de persona Juan Isidro Jimenes Grullón
245 #0 - MENCIÓN DEL TÍTULO
Título Luchemos por nuestra América ideas y doctrinas políticas contemporanea
260 ## - PUBLICACIÓN, DISTRIBUCIÓN, ETC.
Nombre del editor, distribuidor, etc. Editora Alfa & Omega
Fecha de publicación, distribución, etc. 2009
901 ## - ELEMENTOS DE DATOS A LOCAL LDA (RLIN)
a 19/9/2012 3:39:15 p.m.

No items available.

© 2024. Todos los Derechos Reservados. Desarrollado por IDEICE